Marketing and design management

Αποθηκεύτηκε σε:
Λεπτομέρειες βιβλιογραφικής εγγραφής
Κύριος συγγραφέας: Bruce, Margaret
Άλλοι συγγραφείς: Cooper, Rachel, 1953-
Μορφή: Βιβλίο
Γλώσσα:English
Δημοσίευση: London : Thomson, c1997.
Σειρά:Advanced marketing series
Θέματα:
Ετικέτες: Προσθήκη ετικέτας
Δεν υπάρχουν, Καταχωρήστε ετικέτα πρώτοι!

MARC

LEADER 00000cam a2200000 i 4500
001 1/83124
008 080418s1997 enk| ||| |||| ||eng||
020 |a 1861521731 
035 |l 10096849 
040 |a GR-MyUa  |b gre  |e AACR2 
041 0 |a eng 
082 7 |a 658.5752   |2 (22) 
100 1 |a Bruce, Margaret. 
245 1 0 |a Marketing and design management /   |c Margaret Bruce and Rachel Cooper.  
260 |a London :   |b Thomson,   |c c1997. 
300 |a xiv, 245 σ. :   |b εικ. ;   |c 24 εκ. 
490 1 |a (Advanced marketing series) 
504 |a Περιλαμβάνει βιβλιογραφίες και ευρετήριο.  
650 0 |a Industrial design  |x Management. 
650 0 |a Marketing  |x Management. 
700 1 |a Cooper, Rachel,   |d 1953- 
830 0 |a Advanced marketing series 
852 |a INST  |b SYROS  |e 20080418  |h 658.5752 BRU  |p 005500006095  |q 005500006095  |t BK  |y 0 
901 |a BIBL5-2008-1 
922 |a 5ΕΛΗ  |b 200802  |c ΕΠΕΑΕΚ2/ΤΜΣΠΣ  |d Παπασωτηρίου 
970 |a Καγιαβά  |b Ειρήνη  |z 18/04/2008